Газожидкостная ячейка для сканирующих зондовых микроскопов; Приборы и техника эксперимента; № 6

Dades bibliogràfiques
Parent link:Приборы и техника эксперимента/ Российская академия наук.— , 1956-.— 0032-8162
№ 6.— 2004.— с. 115-118
Autor principal: Жихарев А. В.
Altres autors: Быстров С. Г.
Idioma:rus
Publicat: 2004
Col·lecció:Лабораторная техника
Matèries:
Format: MixedMaterials Capítol de llibre
KOHA link:https://koha.lib.tpu.ru/cgi-bin/koha/opac-detail.pl?biblionumber=427417

MARC

LEADER 00000naa2a2200000 4500
001 427417
005 20231101074638.0
035 |a (RuTPU)RU\TPU\prd\86596 
035 |a RU\TPU\prd\38784 
090 |a 427417 
100 |a 20100909a2004 k y0rusy50 ca 
101 0 |a rus 
102 |a RU 
200 1 |a Газожидкостная ячейка для сканирующих зондовых микроскопов  |f А. В. Жихарев, С. Г. Быстров 
225 1 |a Лабораторная техника 
320 |a Библиогр.: 8 назв. 
461 0 |0 (RuTPU)RU\TPU\prd\300  |x 0032-8162  |t Приборы и техника эксперимента  |f Российская академия наук  |d 1956- 
463 0 |0 (RuTPU)RU\TPU\prd\86578  |t № 6  |v с. 115-118  |d 2004 
610 1 |a зондовые микроскопы 
610 1 |a сканирование 
610 1 |a газожидкостные ячейки 
610 1 |a технические характеристики 
610 1 |a работоспособность 
675 |a 543.067.2  |v 3 
675 |a 543.067.22  |v 3 
700 1 |a Жихарев  |b А. В. 
701 1 |a Быстров  |b С. Г. 
801 1 |a RU  |b 63413507  |c 20051010  |g PSBO 
801 2 |a RU  |b 63413507  |c 20100909  |g RCR 
942 |c BK